1590 1463 1585 1736 1429 1211 1329 1098 1368 1999 1143 1517 1898 1299 1544 1170 1302 1808 1014 1952 1234 1271 1162 1688 1036 1050 1913 1829 1491 1872 1176 1167 1676 1365 1519 1132 1480 1317 1775 1172 1691 1992 1791 1414 1949 1316 1327 1603 1459 1693 1285 1732 1229 1408 1054 1816 1804 1349 1627 1876 1048 1701 1676 1379 1272 1113 1897 1323 1896 1130 1312 1696 1754 1711 1809 1957 1779 1233 1961 1589 1684 1791 1548 1706 1846 1392 1784 1275 1133 1918 1573 1800 1531 1806 1645 1725 1096 1909 1630 BCNSPRNW ULIB Ver.6.0+V

เปลี่ยนเป็นภาษาไทย

Change to English
 แสดงรายละเอียดบรรณานุกรม
  กลับหน้าหลัก

Brief Record : Get Marc (ISO 2709) : E-mail record : QR code < ปิดหน้าต่าง
LEADER : 00000nam 2200000uu 4500
001    13399120532
003     ULIB
008    120924s2550||||th 000 0 tha d
060 04 ^aWB935^bส181ค 2550
245 00 ^aคู่มือพื้นฐานความรู้สุขภาพสู่เศรษฐกิจ /^cผู้เรียบเรียงเพ็ญนภา ทรัพย์เจริญ ... [และคนอื่นๆ] ; บรรณาธิการ, พรเทพ ศิริวนารังสรรค์
260    ^a[นนทบุรี] :^bโครงการจัดตั้งวิทยาลัยการแพทย์แผนไทยและการแพทย์ทางเลือก สถาบันพระบรมราชชนก,^c2550
300    ^a399 หน้า :^bภาพประกอบ ;^c21 ซม.
650  7 ^aการแพทย์ทางเลือก^zไทย
650  7 ^aการแพทย์แผนโบราณ^zไทย
650  7 ^aการบำบัดด้วยการนวด^zไทย
650  7 ^aยาแผนโบราณ^zไทย^xการใช้รักษา
650  7 ^aสมุนไพร^xการใช้รักษา
650  7 ^aการดูแลสุขภาพด้วยตนเอง
700 0  ^aเพ็ญนภา ทรัพย์เจริญ,^eเรียบเรียง
700 0  ^aพรเทพ ศิริวนารังสรรค์,^eบรรณาธิการ
710 2  ^aสถาบันพระบรมราชชนก.^bโครงการจัดตั้งวิทยาลัยการแพทย์แผนไทยและการแพทย์ทางเลือก
945    ^p0^l0^i14322
995    ^aกัณชพร
999 ^a ใช้งานได้ทุกระบบ
รายการนี้ยังไม่มีแท็ก
คุณยังไม่ได้ล็อกอิน คุณสามารถมีกิจกรรมร่วมกับเว็บไซต์ได้ แต่ต้องล็อกอินก่อน ::
  ล็อกอิน

รายการสื่อสารสนเทศ

ลำดับที่ ประเภท เลขเรียก/บาร์โค้ด สถานที่ สถานะ
1. วิทยาศาสตร์การแพทย์ และสุขภาพ
วิทยาศาสตร์การแพทย์ และสุขภาพ
WB935 ส181ค 2550  
  Barcode: 14322
ห้องสมุดวิทยาเขตสวรรค์ประชารักษ์
►ส่วนจัดเก็บหนังสือเก่า สปร
บนชั้น
  ขอยืม

รายการใกล้เคียง
    หัวเรื่อง [การแพทย์แผนโบราณ ไทย]
    หัวเรื่อง [การดูแลสุขภาพด้วยตนเอง]

BibComment


ยังไม่เคยถูกคอมเมนท์

คอมเมนท์ทรัพยากรรายการนี้
  คอมเมนท์: คู่มือพื้นฐานควา..


 Copyright 2026. Bcnsprnw @Library